=LDR 00000nam 2200000 4500 =001 INLIS000000000018067 =005 20130612113239 =008 ***********************************Ind** =035 ##$$0010-061300000018067 =041 ##$$a Ind =082 ##$$a 617.632 =090 ##$$a 617.632, Ted s =100 ##$$a Fedi, Peter F =245 ##$$a Silabus periodenti, Peter F. Fedi ; alih bahasa, Amaliya =260 ##$$a 2004 $b Jakarta =300 ##$$a vii, 252 hlm, ilus, 27 cm =650 ##$$a Priodentika =700 ##$$a Amaliya =850 ##$$a NBPNMAT